Descriptive botanical terms illustrated their family, origin, and common names

Bibliographic Details
Format: Book
Published: New Jersey : Rochrs Co. , [1990]
Subjects:

MARC

LEADER 00000cam a2200000 7i4500
001 0000026477
005 20150929.0
040 |a INS 
090 0 0 |a KK435 
245 1 0 |a Descriptive botanical terms illustrated their family, origin, and common names 
260 |a New Jersey :   |b Rochrs Co. ,   |c [1990] 
300 |a v. ( Various paging )p. ;   |c 30cm. 
500 |a Cover title Tropica 
650 0 |a Botany   |x Terminology 
650 0 |a Botany   |x Terminology   |x Pictorial works 
999 |a KK00000968   |b BOOK   |c Project papers   |e Default branch